000
00510nam a2200193Ia 4500
008
090123s9999 xx 000 0 und d
082
_b
43350
100
_a
काळे व.पु
245
_a
चतुर्भुज
250
_a
1
260
_c
2008
300
_a
125
600
_a
काळे व.पु
630
_a
चतुर्भुज
700
_a
काळे व.पु
700
_a
गडकरी मृणालिनी
730
_a
चतुर्भुज
942
_c
BOOK
999
_c
81457
_d
81457